000 00471nam a22001217a 4500
040 _cRUA
082 _aKIM អ៊ុង 2013​​ C160 Or.1
100 _aអ៊ុង ប៊ុនថន (ម៉ូអារី)
245 _aវប្បធម៌មនុស្សជាតិ ជាតិពន្ធទាំង៥៦ នៃប្រជាជនចិន
260 _aPHNOM PENH
_bRUA
_c2013
300 _aiii, 260p.
_bill.
_c22cm.
942 _cអភិវឌ្ឍន៍
999 _c25667
_d25667